Verordnung zur Durchführung des Gesetzes zur Regelung

Saved in:  
Bibliographic Details
Corporate Author: Katholische Kirche. VerfasserIn (Author)
Format: Electronic Article
Language:German
Check availability: HBZ Gateway
Interlibrary Loan:Interlibrary Loan for the Fachinformationsdienste (Specialized Information Services in Germany)
Published: 2025
In: Pastoralblatt des Bistums Eichstätt
Year: 2025, Volume: 172, Issue: 1, Pages: 14-28
Further subjects:B Data security
B Norm

MARC

LEADER 00000naa a22000002c 4500
001 1919072047
003 DE-627
005 20250304181443.0
007 cr uuu---uuuuu
008 250304s2025 xx |||||o 00| ||ger c
035 |a (DE-627)1919072047 
035 |a (DE-599)KXP1919072047 
040 |a DE-627  |b ger  |c DE-627  |e rda 
041 |a ger 
084 |a 1  |2 ssgn 
110 2 |e VerfasserIn  |0 (DE-588)1194874223  |0 (DE-627)1677094621  |4 aut  |a Katholische Kirche  |b Diözese Eichstätt  |b Generalvikariat 
245 1 0 |a Verordnung zur Durchführung des Gesetzes zur Regelung 
264 1 |c 2025 
336 |a Text  |b txt  |2 rdacontent 
337 |a Computermedien  |b c  |2 rdamedia 
338 |a Online-Ressource  |b cr  |2 rdacarrier 
601 |a Verordnung 
650 0 7 |0 (DE-588)4011134-9  |0 (DE-627)106354213  |0 (DE-576)208891986  |a Datenschutz  |2 gnd 
650 0 7 |0 (DE-588)4419668-4  |0 (DE-627)213941864  |0 (DE-576)212249827  |a Norm  |2 gnd 
773 0 8 |i Enthalten in  |a Katholische Kirche. Diözese Eichstätt  |t Pastoralblatt des Bistums Eichstätt  |d Eichstätt : Bischöfliches Ordinariat, 1854  |g 172(2025), 1, Seite 14-28  |h Online-Ressource  |w (DE-627)775920312  |w (DE-600)2749179-1  |w (DE-576)399466118  |7 nnas 
773 1 8 |g volume:172  |g year:2025  |g number:1  |g pages:14-28 
935 |a DAKR 
951 |a AR 
CAN |a 1 
ELC |a 1 
LOK |0 000 xxxxxcx a22 zn 4500 
LOK |0 001 4682299743 
LOK |0 003 DE-627 
LOK |0 004 1919072047 
LOK |0 005 20250304181443 
LOK |0 008 250304||||||||||||||||ger||||||| 
LOK |0 040   |a DE-Tue135-3  |c DE-627  |d DE-Tue135-3 
LOK |0 092   |o n 
LOK |0 852   |a DE-Tue135-3 
LOK |0 852 1  |9 00 
LOK |0 935   |a mszk 
LOK |0 939   |a 04-03-25  |b l01 
ORI |a SA-MARC-ixtheoa001.raw 
STA 0 0 |a Data security,Protection of personal data,Data protection,Norm,Norm,Norm,Technical standard,Standard,Guidelines,Standard sheet,Ethical norm,Moral norm,Ethical standard,Normativity (Ethics) 
STB 0 0 |a Norme,Norme,Norme,Norme (morale),Protection des données,Protection de l'information (informatique) 
STC 0 0 |a Norma,Norma,Norma,Protección a los datos,Privacidad,Privacidad,Protección de datos 
STD 0 0 |a Norma,Norma,Norma,Trattemento dei dati personali,Protezione dei dati personali,Tutela dei dati personali,Protezione dei dati personali,Tutela dei dati personali 
STE 0 0 |a 数据安全,数据安全,标准,规范,准则 
STF 0 0 |a 數據安全,資料安全,標準,規範,準則 
STG 0 0 |a Norma,Norma,Norma,Proteção aos dados,Privacidade,Privacidade 
STH 0 0 |a Защита информации,Норма (этика),Норма,Норма 
STI 0 0 |a Προστασία δεδομένων,Πρότυπο (ηθική),Νόρμα <τυποποίηση>,Πρότυπο,Οδηγία (τυποποίηση),Πρότυπο (τυποποίηση) 
SUB |a CAN 
SYE 0 0 |a Datenschutzrecht,Datenverarbeitung , Ethische Norm,Sittliche Norm,Normen,Standard,Normenblatt,Normblatt,Leitlinie,Normschrift